ბათუმის შოთა რუსთაველის სახელმწიფო უნივერსიტეტის ბიბლიოთეკა

Essentials of global health / (ბიბ.ჩანაწერი № 57706)

000 -LEADER
fixed length control field 01224cam a22003134a 4500
001 - CONTROL NUMBER
control field 14666301
005 - DATE AND TIME OF LATEST TRANSACTION
control field 20221105203907.0
008 - FIXED-LENGTH DATA ELEMENTS--GENERAL INFORMATION
fixed length control field 061205s2019 enkab b 001 0 eng
020 ## - INTERNATIONAL STANDARD BOOK NUMBER
International Standard Book Number 978-0702066078 1
041 ## - LANGUAGE CODE
Language code of text/sound track or separate title eng
080 ## - UNIVERSAL DECIMAL CLASSIFICATION NUMBER
Universal Decimal Classification number 61 E-80
245 10 - TITLE STATEMENT
Title Essentials of global health /
Statement of responsibility, etc. Edited by Babulal Sethia, Parveen Kumar.
264 ## - PRODUCTION, PUBLICATION, DISTRIBUTION, MANUFACTURE, AND COPYRIGHT NOTICE
Name of producer, publisher, distributor, manufacturer elsevier,
Date of production, publication, distribution, manufacture, or copyright notice 2019.
300 ## - PHYSICAL DESCRIPTION
Extent 291 p. :
Other physical details 23 cm.
440 #0 - SERIES STATEMENT/ADDED ENTRY--TITLE
Title Essential public health
9 (RLIN) 9525
650 #0 - SUBJECT ADDED ENTRY--TOPICAL TERM
Topical term or geographic name entry element World health.
9 (RLIN) 9526
650 #0 - SUBJECT ADDED ENTRY--TOPICAL TERM
Topical term or geographic name entry element Public health
Geographic subdivision Developing countries.
9 (RLIN) 9527
650 #0 - SUBJECT ADDED ENTRY--TOPICAL TERM
Topical term or geographic name entry element Public health
General subdivision International cooperation.
9 (RLIN) 9528
650 12 - SUBJECT ADDED ENTRY--TOPICAL TERM
Topical term or geographic name entry element World Health.
9 (RLIN) 9529
650 22 - SUBJECT ADDED ENTRY--TOPICAL TERM
Topical term or geographic name entry element Health Services Accessibility.
9 (RLIN) 9530
650 22 - SUBJECT ADDED ENTRY--TOPICAL TERM
Topical term or geographic name entry element Public Health.
9 (RLIN) 9531
653 ## - INDEX TERM--UNCONTROLLED
keyword მედიცინა
653 ## - INDEX TERM--UNCONTROLLED
keyword ჯანმრთელობის სერვისების ხელმისაწვდომობა
700 ## - ADDED ENTRY--PERSONAL NAME
Personal name Sethia, Babulal
Relator term რედაქტორი
9 (RLIN) 9532
700 ## - ADDED ENTRY--PERSONAL NAME
Personal name Kumar, Parveen
Relator term რედაქტორი
9 (RLIN) 9533
856 41 - ELECTRONIC LOCATION AND ACCESS
Materials specified Table of contents only
Uniform Resource Identifier http://www.loc.gov/catdir/toc/ecip076/2006100605.html
942 ## - ADDED ENTRY ELEMENTS (KOHA)
Source of classification or shelving scheme
Koha item type წიგნი
ეგზემპლარები
Withdrawn status Lost status Source of classification or shelving scheme Damaged status Not for loan Permanent Location Current Location Shelving location Date acquired Cost, normal purchase price Full call number Barcode Date last seen Copy number Price effective from Koha item type Public note
          ბათუმის შოთა რუსთაველის სახელმწიფო უნივერსიტეტის მთავარი ბიბლიოთეკა ბათუმის შოთა რუსთაველის სახელმწიფო უნივერსიტეტის მთავარი ბიბლიოთეკა წიგნსაცავი 2020-09-14 77.00 61 E-80 61033 2020-09-14 61033 2020-09-14 წიგნი 77 ლ.